[Event "CHI-chT Universities"]
[Site "Chile"]
[Date "2009.10.29"]
[Round "5"]
[White "Briones Carril, Francisco"]
[Black "Rioseco Pinochet, Jose Luis"]
[Result "1/2-1/2"]
[WhiteElo "2086"]
[BlackElo "2045"]
[PlyCount "68"]
[EventDate "2009.10.27"]
[EventType "team-swiss"]
[EventRounds "7"]
[EventCountry "CHI"]
[SourceTitle "EXT 2012"]
[Source "ChessBase"]
[SourceDate "2011.11.24"]
[SourceVersion "1"]
[SourceVersionDate "2011.11.24"]
[SourceQuality "1"]

1. d4 Nf6 2. c4 e6 3. Nc3 d5 4. Nf3 c5 5. Bg5 cxd4 6. Bxf6 Qxf6 7. Qxd4 Qxd4 8. Nxd4 dxc4 9. e3 a6 10. Bxc4 b5 11. Bb3 Bb7 12. 0-0 Bd6 13. Rad1 Ke7 14. Rd2 Rd8 15. Rfd1 Bc7 16. Bc2 Ba5 17. a3 Bxc3 18. bxc3 Rc8 19. a4 bxa4 20. Bxa4 Rxc3 21. Rb2 Bd5 22. h3 Ra3 23. Bc2 Nc6 24. Rb7+ Kf6 25. Nf3 Ne5 26. Rc7 Nxf3+ 27. gxf3 Bxf3 28. Rd4 g5 29. Rdd7 Bh5 30. Bxh7 a5 31. Rd4 Rb8 32. h4 Rb5 33. Kh2 gxh4 34. Kh3 Ra1 1/2-1/2

[Event "CHI-chT Universities"]
[Site "Chile"]
[Date "2009.10.29"]
[Round "6"]
[White "Rioseco Pinochet, Jose Luis"]
[Black "Lobos Barrenechea, Miguel"]
[Result "1/2-1/2"]
[WhiteElo "2045"]
[BlackElo "2364"]
[PlyCount "65"]
[EventDate "2009.10.27"]
[EventType "team-swiss"]
[EventRounds "7"]
[EventCountry "CHI"]
[SourceTitle "EXT 2012"]
[Source "ChessBase"]
[SourceDate "2011.11.24"]
[SourceVersion "1"]
[SourceVersionDate "2011.11.24"]
[SourceQuality "1"]

1. Nf3 d5 2. d4 Nf6 3. c3 e6 4. e3 c5 5. Bd3 Nc6 6. Ne5 Nxe5 7. dxe5 Nd7 8. f4 c4 9. Bc2 Bc5 10. 0-0 0-0 11. Qe2 f6 12. Qh5 f5 13. g4 g6 14. Qh3 b5 15. gxf5 gxf5 16. Nd2 Kh8 17. Nf3 Rg8+ 18. Kh1 Rg6 19. Bd2 Bb7 20. Rg1 Nf8 21. Nd4 Qe7 22. Rxg6 Nxg6 23. Rg1 Rg8 24. Rg5 Qf7 25. Bd1 Be7 26. Rh5 Nf8 27. Bf3 Qg7 28. Qg2 Qf7 29. Qh3 a6 30. Be1 Qg7 31. Qf1 Qg6 32. Bh4 Bxh4 33. Rxh4 1/2-1/2